000 00329nam a2200133Ia 4500
008 151001s9999||||xx |||||||||||||| ||und||
100 _aमोहन रावल
245 _aमहाचालू
250 _a1
260 _bअजब प्रकाशन
260 _c2009
300 _a208
365 _b21
999 _c993577
_d993574